Creative Industries in the EU: Factors Influencing Employment

Kreatívny sektor zamestnáva približne 3,3% ekonomicky aktívneho obyvateľstva v Európskej únii. Analýza možného vplyvu kreatívneho priemyslu v piatich vybraných faktorov na zamestnanosť v tvorivých odvetviach Európskej únie.

Uložené v:
Podrobná bibliografia
Hlavný autor: Baculáková, Kristína, 1988-
Ďalší autori: Harakaľová, Ľubica, 1963-
Médium: Kapitola
Jazyk:English
Predmet:
Tagy: Pridať tag
Žiadne tagy, Buďte prvý, kto otaguje tento záznam!

MARC

LEADER 00000nla a2200000 4500
001 0235658
005 20260224135933.5
041 0 |a eng 
044 |a UA 
245 1 0 |a Creative Industries in the EU: Factors Influencing Employment  |c Kristína Baculáková, Ľubica Harakaľová 
520 |a Kreatívny sektor zamestnáva približne 3,3% ekonomicky aktívneho obyvateľstva v Európskej únii. Analýza možného vplyvu kreatívneho priemyslu v piatich vybraných faktorov na zamestnanosť v tvorivých odvetviach Európskej únie. 
610 2 0 |a priemysel kreatívny 
610 2 0 |a Európska únia 
610 2 0 |a zamestnanosť 
610 2 0 |a analýza ekonomická 
100 1 |a Baculáková, Kristína, 1988- 
700 1 |a Harakaľová, Ľubica, 1963-